Loading...
| Auditory Arts | 5 | 26.00 | 100% | 80% | 80% |
| Beliefs | 9 | 15.56 | 89% | 67% | 0% |
| Current Events | 4 | 20.00 | 100% | 75% | 25% |
| Fine Arts - Other Arts | 6 | 18.33 | 100% | 50% | 33% |
| Geography | 1 | 20.00 | 100% | 100% | 0% |
| History - American History | 4 | 17.50 | 100% | 0% | 75% |
| History - Ancient History | 1 | 10.00 | 100% | 0% | 0% |
| History - European History | 9 | 21.11 | 89% | 89% | 33% |
| History - Other History | 1 | 20.00 | 100% | 100% | 0% |
| History - World History | 7 | 22.86 | 100% | 86% | 43% |
| Literature - American Literature | 7 | 20.00 | 100% | 57% | 43% |
| Literature - British Literature | 8 | 22.50 | 100% | 75% | 50% |
| Literature - European Literature | 4 | 22.50 | 100% | 75% | 50% |
| Literature - World Literature | 8 | 26.25 | 100% | 88% | 75% |
| Other Academic | 1 | 0.00 | 0% | 0% | 0% |
| Philosophy | 5 | 20.00 | 100% | 60% | 40% |
| Science - Biology | 4 | 10.00 | 75% | 25% | 0% |
| Science - Chemistry | 8 | 16.25 | 100% | 38% | 25% |
| Science - Other Science | 7 | 15.71 | 86% | 57% | 14% |
| Science - Physics | 6 | 21.67 | 100% | 83% | 33% |
| Social Science | 4 | 17.50 | 75% | 100% | 0% |
| Visual Arts | 8 | 18.75 | 88% | 75% | 25% |